أرباع خراسان الشهيرة : (رقم التسجيلة. 24373)
[ عرض عادي ]
| 000 -LEADER | |
|---|---|
| fixed length control field | 00762nam a22001817a 4500 |
| 005 - DATE AND TIME OF LATEST TRANSACTION | |
| control field | 20251108165308.0 |
| 008 - FIXED-LENGTH DATA ELEMENTS--GENERAL INFORMATION | |
| fixed length control field | 250721s1990 xx 000 0 ara d |
| 082 14 - DEWEY DECIMAL CLASSIFICATION NUMBER | |
| Classification number | 958.5/حدي |
| 100 1# - MAIN ENTRY--PERSONAL NAME | |
| Personal name | الحديثي، قحطان عبد الستار |
| 245 10 - TITLE STATEMENT | |
| Title | أرباع خراسان الشهيرة : |
| Remainder of title | دراسة في أحوالها الجغرافية و الإدارية و الإقتصادية حتى نهاية القرن الرابع للهجرة / |
| 264 1# - PRODUCTION, PUBLICATION, DISTRIBUTION, MANUFACTURE, AND COPYRIGHT NOTICE | |
| Place of production, publication, distribution, manufacture | البصرة : |
| Name of producer, publisher, distributor, manufacturer | وزارة التعليم العالي و البحث العلمي - جامعة البصرة، |
| Date of production, publication, distribution, manufacture, or copyright notice | 1990. |
| 300 ## - PHYSICAL DESCRIPTION | |
| Extent | 589ص. |
| 650 17 - SUBJECT ADDED ENTRY--TOPICAL TERM | |
| Topical term or geographic name as entry element | آسيا الوسطى |
| 650 17 - SUBJECT ADDED ENTRY--TOPICAL TERM | |
| Topical term or geographic name as entry element | التاريخ |
| 650 17 - SUBJECT ADDED ENTRY--TOPICAL TERM | |
| Topical term or geographic name as entry element | البلدان الإسلامية |
| 942 ## - ADDED ENTRY ELEMENTS (KOHA) | |
| Source of classification or shelving scheme | Dewey Decimal Classification |
| Koha item type | كتب |
| حالة السحب | حالة الفقدان | مصدر التصنيف | حالة التلف | غير قابل للإعارة | المكتبة الرئيسية | المكتبة الحالية | موقع الرف | تاريخ التزويد | الرقم المتسلسل | Total Checkouts | رقم الإستدعاء | الباركود | تاريخ آخر ظهور | تاريخ الفاتورة | نوع المادة (كوها) |
|---|---|---|---|---|---|---|---|---|---|---|---|---|---|---|---|
| Dewey Decimal Classification | المكتبة المركزية | المكتبة المركزية | الإعارة | 12/07/2004 | 223448 | 958.5/حدي | 223448 | 28/07/2025 | 12/07/2004 | كتب | |||||
| Dewey Decimal Classification | مكتبة الأميرة ايمان العامة | مكتبة الأميرة ايمان العامة | الإعارة | 23/10/2013 | [7112] | 958.5/حدي | PLD00283647 | 28/07/2025 | 23/10/2013 | كتب |